000 00325nam a2200133 i 4500
001 bg
100 1 _aSZKUTNIK, Leszek Leon
245 0 _aEnglish through science problems /
_cLeszek Leon Szkutnik.
260 _aWarszawa,
_c1971.
040 _cBPK
041 _apol
942 _cKS
008 s pl f |000 0 pol
999 _c7481
_d7481
856 _uhttp://koha.tu.koszalin.pl/cgi-bin/koha/opac-detail.pl?biblionumber=7481
_yKatalog online BPK